[Event "Chigorin Memorial"]
[Site "St Petersburg"]
[Date "2015.10.06"]
[Round "4.114"]
[White "Malyshev, Grigory"]
[Black "Khmelev, Mikhail"]
[Result "0-1"]
[WhiteElo "2293"]
[BlackElo "1988"]
[PlyCount "106"]
[EventDate "2015.10.03"]
[EventRounds "9"]
[EventCountry "RUS"]

1. d4 d5 2. c4 e6 3. Nc3 c5 4. cxd5 exd5 5. Nf3 Nc6 6. g3 Nf6 7. Bg2 Be7 8. O-O
O-O 9. Bg5 c4 10. Ne5 Be6 11. Qd2 Rc8 12. Rad1 Re8 13. h3 h6 14. Bxf6 Bxf6 15.
f4 Bxe5 16. dxe5 d4 17. Ne4 Qb6 18. Kh2 Rcd8 19. f5 Bd5 20. e6 Bxe4 21. Bxe4
Qc7 22. Bg2 Qe5 23. exf7+ Kxf7 24. f6 Qxe2 25. Qf4 Qe5 26. Qf3 g6 27. Rde1 Qxe1
28. Rxe1 Rxe1 29. Qf4 Re2 30. Kg1 Rd7 31. Bf1 Rc2 32. Qxh6 Kxf6 33. Qh8+ Ke7
34. Qg7+ Kd8 35. Qg8+ Kc7 36. Bxc4 d3 37. Bb3 Rc1+ 38. Kf2 d2 39. Qxg6 d1=Q 40.
Bxd1 Rcxd1 41. g4 R7d3 42. Qh6 Ne5 43. Qg7+ Kd6 44. Qxb7 Nc6 45. Qh7 Ne5 46.
Qxa7 R1d2+ 47. Kf1 Rxb2 48. Qa6+ Ke7 49. Qa7+ Kf6 50. Qa4 Rf3+ 51. Kg1 Rff2 52.
Qa6+ Kg5 53. h4+ Kxh4 0-1

[Event "Chigorin Memorial"]
[Site "St Petersburg"]
[Date "2015.10.06"]
[Round "4.115"]
[White "Muromtsev, Arthur"]
[Black "Permin, Viktor"]
[Result "1-0"]
[WhiteElo "2265"]
[BlackElo "1978"]
[PlyCount "57"]
[EventDate "2015.10.03"]
[EventRounds "9"]
[EventCountry "RUS"]

1. d4 d5 2. Nc3 Nf6 3. Bg5 c5 4. Bxf6 gxf6 5. e4 Nc6 6. exd5 Nxd4 7. Nf3 Bg4 8.
Nxd4 Bxd1 9. Bb5+ Qd7 10. Bxd7+ Kxd7 11. Rxd1 cxd4 12. Rxd4 f5 13. Rf4 e6 14.
O-O Bg7 15. Rd1 Ke7 16. Rf3 Rac8 17. Rfd3 Bxc3 18. bxc3 Rc4 19. dxe6 fxe6 20.
Rd7+ Kf6 21. R1d3 Ra4 22. Rxb7 Rxa2 23. f4 a5 24. Rdd7 a4 25. Rg7 Rf8 26. Rxh7
Rg8 27. Rbf7+ Kg6 28. h4 Ra1+ 29. Kh2 1-0

[Event "Chigorin Memorial"]
[Site "St Petersburg"]
[Date "2015.10.06"]
[Round "4.116"]
[White "Grigorjev, Iljya"]
[Black "Yakovlev, Yuri S"]
[Result "1-0"]
[WhiteElo "2254"]
[BlackElo "1971"]
[PlyCount "63"]
[EventDate "2015.10.03"]
[EventRounds "9"]
[EventCountry "RUS"]

1. e4 c5 2. Nf3 e6 3. d4 cxd4 4. Nxd4 a6 5. Nc3 b5 6. Bd3 Bb7 7. Be3 Qc7 8. O-O
Nf6 9. a3 Nc6 10. Nxc6 Bxc6 11. f4 h5 12. h3 Bb7 13. e5 Bc5 14. Bxc5 Qxc5+ 15.
Rf2 Ng8 16. Be4 Bc6 17. Bxc6 Qxc6 18. Qd3 Nh6 19. Ne4 Nf5 20. Rc1 Rd8 21. Rd2
O-O 22. g4 Nh4 23. Ng5 g6 24. Qg3 f6 25. exf6 Rxf6 26. Qxh4 Rdf8 27. f5 Kg7 28.
Rcd1 Qc5+ 29. Qf2 Qxf2+ 30. Rxf2 hxg4 31. Rxd7+ Kh6 32. Rh7+ 1-0

[Event "Chigorin Memorial"]
[Site "St Petersburg"]
[Date "2015.10.06"]
[Round "4.117"]
[White "Kamnev, Alexander"]
[Black "Selivanov, Ivan"]
[Result "0-1"]
[WhiteElo "1951"]
[BlackElo "2254"]
[PlyCount "66"]
[EventDate "2015.10.03"]
[EventRounds "9"]
[EventCountry "RUS"]

1. e4 c5 2. Nf3 e6 3. d4 cxd4 4. Nxd4 a6 5. Bd3 Qc7 6. Qe2 d6 7. c4 Nf6 8. Nc3
Be7 9. O-O O-O 10. Be3 Nbd7 11. Rac1 b6 12. f4 Bb7 13. Nb3 Rac8 14. Kh1 Qb8 15.
Bg1 Rfe8 16. Rfe1 g6 17. Rf1 Qa8 18. Rc2 Nh5 19. Na4 b5 20. cxb5 Rxc2 21. Qxc2
axb5 22. Bxb5 Bxe4 23. Qd2 Rc8 24. Nc3 Ndf6 25. Nxe4 Nxe4 26. Qe3 Rc2 27. Qf3
d5 28. Bd4 Bd6 29. Bd3 Rc8 30. Be5 Qxa2 31. Bxe4 dxe4 32. Qxe4 Bxe5 33. fxe5
Qxb3 0-1

[Event "Chigorin Memorial"]
[Site "St Petersburg"]
[Date "2015.10.06"]
[Round "4.118"]
[White "Petrochenko, Maria"]
[Black "Pletnev, Evgeniy"]
[Result "0-1"]
[WhiteElo "1947"]
[BlackElo "2246"]
[PlyCount "108"]
[EventDate "2015.10.03"]
[EventRounds "9"]
[EventCountry "RUS"]

1. d4 Nf6 2. c4 Nc6 3. Nf3 e6 4. g3 Bb4+ 5. Bd2 Qe7 6. a3 Bxd2+ 7. Nbxd2 O-O 8.
Bg2 d6 9. O-O e5 10. d5 Nd8 11. e4 g6 12. Ne1 Nh5 13. Nd3 Ng7 14. f4 f6 15. b4
Nf7 16. c5 Bd7 17. Nc4 b5 18. fxe5 fxe5 19. Ne3 Ng5 20. h4 Nf7 21. a4 bxa4 22.
c6 Bc8 23. b5 Rb8 24. Rxa4 Rxb5 25. Rxa7 Rb6 26. Nc4 Ra6 27. Rxa6 Bxa6 28. Ne3
Bb5 29. Rf2 Ra8 30. Rb2 Bxd3 31. Qxd3 g5 32. hxg5 Qxg5 33. Nf1 Nh5 34. Qf3 Nh6
35. Rf2 Kh8 36. Bh3 Kg7 37. Kh2 Nf6 38. Ne3 Kg6 39. Bf5+ Nxf5 40. Nxf5 Ng4+ 41.
Kg2 Nxf2 42. Nh4+ Kg7 43. Qxf2 Qg4 44. Nf5+ Kh8 45. Qc2 h5 46. Ne3 Qg5 47. Nf5
Kh7 48. Kh2 Ra3 49. Qe2 Rc3 50. Qd1 h4 51. Qe1 hxg3+ 52. Nxg3 Qh6+ 53. Kg2 Rc2+
54. Kf3 Qf4# 0-1

[Event "Chigorin Memorial"]
[Site "St Petersburg"]
[Date "2015.10.06"]
[Round "4.119"]
[White "Babanin, Gleb"]
[Black "Turikov, Viktor"]
[Result "0-1"]
[WhiteElo "1941"]
[BlackElo "2239"]
[PlyCount "76"]
[EventDate "2015.10.03"]
[EventRounds "9"]
[EventCountry "RUS"]

1. e4 d6 2. d4 Nf6 3. Nc3 c6 4. Nf3 Bg4 5. h3 Bh5 6. Qe2 e6 7. g4 Bg6 8. h4 h6
9. h5 Bh7 10. g5 hxg5 11. Bxg5 Be7 12. Bg2 Nbd7 13. Bf4 Qa5 14. Nd2 e5 15. Nc4
Qc7 16. dxe5 dxe5 17. Be3 b5 18. Nd2 Nc5 19. a3 Ne6 20. a4 b4 21. Na2 Nd7 22.
Nc4 f6 23. h6 g6 24. O-O-O Bg8 25. Bh3 Bf7 26. Kb1 Nb6 27. Na5 O-O 28. h7+ Kh8
29. Bh6 Rfd8 30. Rdg1 g5 31. Qa6 Nc5 32. Qe2 Nbxa4 33. Nc4 b3 34. Nc1 bxc2+ 35.
Kxc2 Rd4 36. Nd2 Rad8 37. Rd1 Qa5 38. Nf3 Qb4 0-1

[Event "Chigorin Memorial"]
[Site "St Petersburg"]
[Date "2015.10.06"]
[Round "4.120"]
[White "Pashinsky, Mikhail"]
[Black "Skafar, Darya"]
[Result "1-0"]
[WhiteElo "2228"]
[BlackElo "1961"]
[PlyCount "83"]
[EventDate "2015.10.03"]
[EventRounds "9"]
[EventCountry "RUS"]

1. e4 e5 2. Nf3 Nc6 3. Be2 Nf6 4. d3 d5 5. Nbd2 Bc5 6. O-O O-O 7. c3 a5 8. h3
Re8 9. Re1 h6 10. Bf1 d4 11. Nb3 Bb6 12. cxd4 Nxd4 13. Nbxd4 Bxd4 14. Nxd4 Qxd4
15. Qc2 Qd6 16. Be3 b6 17. Rad1 c5 18. g3 Ba6 19. f4 Nh5 20. Qf2 exf4 21. gxf4
Rad8 22. Rd2 Re6 23. Qh4 Rg6+ 24. Bg2 Nxf4 25. Bxf4 Qd4+ 26. Be3 Qd7 27. d4
cxd4 28. Rxd4 Rd6 29. Red1 Qe6 30. Rxd6 Rxd6 31. Rxd6 Qxd6 32. Qf4 Qd8 33. e5
Qd1+ 34. Kh2 Qc2 35. Qf2 Qc7 36. Bf4 Qd8 37. Qd2 Qc8 38. Qd6 Qc2 39. Qxb6 Bf1
40. Qd8+ Kh7 41. Qd2 Qb1 42. Qc1 1-0

[Event "Chigorin Memorial"]
[Site "St Petersburg"]
[Date "2015.10.06"]
[Round "4.121"]
[White "Larin, Maxim"]
[Black "Sheynin, Izrail"]
[Result "1-0"]
[WhiteElo "2199"]
[BlackElo "1957"]
[PlyCount "83"]
[EventDate "2015.10.03"]
[EventRounds "9"]
[EventCountry "RUS"]

1. d4 Nf6 2. c4 c5 3. d5 e6 4. Nc3 exd5 5. cxd5 d6 6. Nf3 g6 7. Nd2 a6 8. a4
Bg7 9. e4 O-O 10. Be2 Re8 11. O-O Nbd7 12. Qc2 Qc7 13. Nc4 Nb6 14. Ne3 Rb8 15.
Re1 Bd7 16. Bd2 Nc8 17. a5 Na7 18. Bf3 Nb5 19. Nxb5 axb5 20. Bc3 Qc8 21. b3 Ng4
22. Bxg4 Bxg4 23. Bxg7 Kxg7 24. Qc3+ f6 25. f3 Bd7 26. g4 h6 27. h4 Ra8 28. Kf2
Kf7 29. g5 hxg5 30. hxg5 fxg5 31. Rh1 Rh8 32. e5 dxe5 33. Qxe5 Qd8 34. d6 Qf6
35. Qd5+ Qe6 36. Qxb7 Rae8 37. Qd5 Bc6 38. Qxc5 Qxb3 39. Qd4 Rh5 40. Rac1 Bd7
41. Ng4 Qe6 42. Nh6+ 1-0

[Event "Chigorin Memorial"]
[Site "St Petersburg"]
[Date "2015.10.06"]
[Round "4.122"]
[White "Shmoilov, Dmitry"]
[Black "Malofeev, Alex"]
[Result "0-1"]
[WhiteElo "1934"]
[BlackElo "2141"]
[PlyCount "90"]
[EventDate "2015.10.03"]
[EventRounds "9"]
[EventCountry "RUS"]

1. e4 c6 2. d4 d5 3. e5 Bf5 4. h4 h5 5. c4 e6 6. Nc3 dxc4 7. Bxc4 Ne7 8. Bg5
Qb6 9. Qd2 Nd5 10. Nf3 Nd7 11. Bxd5 exd5 12. O-O Bb4 13. a3 Bxc3 14. Qxc3 Nf8
15. b4 Ne6 16. Be3 f6 17. Rfe1 O-O-O 18. a4 Bg4 19. b5 Bxf3 20. gxf3 fxe5 21.
a5 Qxb5 22. Qa3 e4 23. Rab1 Qa6 24. fxe4 dxe4 25. Qb3 Rd5 26. Rec1 Rhd8 27. Rc4
R8d7 28. Rb4 g6 29. Qc2 Qd3 30. Qb2 Qa6 31. Qc2 Qd3 32. Qb2 Rb5 33. Rxb5 Qxb5
34. Qxb5 cxb5 35. Rxb5 Nxd4 36. Rc5+ Kd8 37. Bg5+ Ke8 38. Re5+ Kf7 39. Rxe4
Nf3+ 40. Kg2 Nxg5 41. hxg5 Rd5 42. f4 Rxa5 43. Rc4 Ke6 44. Rc7 Kf5 45. Rf7+ Kg4
0-1

[Event "Chigorin Memorial"]
[Site "St Petersburg"]
[Date "2015.10.06"]
[Round "4.123"]
[White "Fedoseeva, Valentina"]
[Black "Altshul, Raffael"]
[Result "1/2-1/2"]
[WhiteElo "1932"]
[BlackElo "2130"]
[PlyCount "107"]
[EventDate "2015.10.03"]
[EventRounds "9"]
[EventCountry "RUS"]

1. e4 c5 2. Nf3 e6 3. d4 cxd4 4. Nxd4 Qb6 5. Nc3 Bc5 6. Na4 Qa5+ 7. c3 Bxd4 8.
Qxd4 Nf6 9. b3 Nc6 10. Qe3 d5 11. exd5 Qxd5 12. Bb2 Qe5 13. Qxe5 Nxe5 14. O-O-O
Bd7 15. Nc5 Bc6 16. f3 Ned7 17. Nd3 a5 18. c4 O-O 19. a4 Rfe8 20. Re1 Rec8 21.
Kd2 Ne8 22. Ke2 Nc7 23. Bc3 b6 24. Kf2 Na6 25. Be2 Nac5 26. Rb1 f6 27. Nxc5
Nxc5 28. Bd1 Rd8 29. Bc2 e5 30. Rhd1 Kf7 31. Ke3 g6 32. Rxd8 Rxd8 33. Be1 Ra8
34. Bf2 f5 35. Kd2 f4 36. Kc3 g5 37. Re1 Kf6 38. h3 h5 39. Rd1 Ke6 40. Rd2 Rg8
41. b4 axb4+ 42. Kxb4 Nd7 43. Bb3 Rb8 44. c5+ Ke7 45. cxb6 Nxb6 46. Bc5+ Ke8
47. Bxb6 Rxb6+ 48. Kc5 Rxb3 49. Kxc6 Ra3 50. Rd5 Kf7 51. h4 Rxa4 52. Rxe5 gxh4
53. Rxh5 Ra2 54. Rxh4 1/2-1/2

[Event "Chigorin Memorial"]
[Site "St Petersburg"]
[Date "2015.10.06"]
[Round "4.124"]
[White "Bratus, Petr P"]
[Black "Nazarova, Anastasia"]
[Result "1/2-1/2"]
[WhiteElo "2124"]
[BlackElo "1941"]
[PlyCount "94"]
[EventDate "2015.10.03"]
[EventRounds "9"]
[EventCountry "RUS"]

1. d4 d5 2. c4 c6 3. Nf3 Nf6 4. Nc3 dxc4 5. a4 Bf5 6. e3 e6 7. Bxc4 Bb4 8. O-O
O-O 9. h3 h6 10. Bd3 c5 11. Bxf5 exf5 12. Qc2 g6 13. Rd1 Qe7 14. Na2 cxd4 15.
Nxb4 Qxb4 16. Rxd4 Qe7 17. b3 Qe6 18. Ba3 Rc8 19. Qd3 Nbd7 20. Rd6 Qe8 21. Qd4
Rc6 22. Rxc6 bxc6 23. Rc1 Qe6 24. b4 Qb3 25. Bb2 Qd5 26. Qh4 Nh5 27. Qe7 Ng7
28. Nd4 Rc8 29. Nf3 g5 30. Bxg7 Kxg7 31. Nd4 a6 32. g4 fxg4 33. hxg4 Kh7 34. f3
Ne5 35. Qf6 Nd7 36. Qf5+ Qxf5 37. Nxf5 Ne5 38. Kg2 Rb8 39. f4 gxf4 40. exf4
Nxg4 41. Rxc6 Rxb4 42. Kg3 h5 43. Rxa6 Rb1 44. a5 Rg1+ 45. Kh3 Rf1 46. Ng3 Rxf4
47. Nxh5 Re4 1/2-1/2

[Event "Chigorin Memorial"]
[Site "St Petersburg"]
[Date "2015.10.06"]
[Round "4.125"]
[White "Voronenkov, Sergey"]
[Black "Yashmetov, Mikhail"]
[Result "1/2-1/2"]
[WhiteElo "1926"]
[BlackElo "2123"]
[PlyCount "80"]
[EventDate "2015.10.03"]
[EventRounds "9"]
[EventCountry "RUS"]

1. e4 c5 2. Nf3 Nc6 3. d4 cxd4 4. Nxd4 Nf6 5. Nc3 e6 6. Ndb5 Bb4 7. a3 Bxc3+ 8.
Nxc3 d5 9. exd5 exd5 10. Bd3 O-O 11. O-O d4 12. Ne2 Bg4 13. f3 Bh5 14. Nf4 Bg6
15. Nxg6 hxg6 16. f4 Ne7 17. Qf3 Qb6 18. Bd2 Nf5 19. b3 Rfe8 20. Rae1 Ne3 21.
Bxe3 dxe3 22. Re2 Re7 23. f5 g5 24. Qg3 g4 25. h3 Rd8 26. hxg4 Nd5 27. f6 Re6
28. Qh4 Rxf6 29. Rxf6 Qxf6 30. Qxf6 gxf6 31. Be4 Nc3 32. Rxe3 Nxe4 33. Rxe4 Rd2
34. Rc4 b5 35. Rc7 Kg7 36. c4 bxc4 37. bxc4 a5 38. Rc5 Rd4 39. g5 a4 40. gxf6+
Kxf6 1/2-1/2

[Event "Chigorin Memorial"]
[Site "St Petersburg"]
[Date "2015.10.06"]
[Round "4.126"]
[White "Fraiman, Dmitry"]
[Black "Ngnegevo, Filipp"]
[Result "1-0"]
[WhiteElo "2122"]
[BlackElo "1937"]
[PlyCount "83"]
[EventDate "2015.10.03"]
[EventRounds "9"]
[EventCountry "RUS"]

1. e4 c5 2. Nf3 d6 3. d4 cxd4 4. Nxd4 Nf6 5. Nc3 a6 6. Bc4 e6 7. Bb3 b5 8. f3
Bb7 9. Be3 Nbd7 10. Qe2 Nc5 11. g4 Nfd7 12. g5 Nxb3 13. axb3 b4 14. Na4 d5 15.
exd5 Bxd5 16. O-O-O Qa5 17. Kb1 g6 18. Bf4 Bg7 19. Bd6 Bf8 20. Bxf8 Kxf8 21. h4
h5 22. gxh6 Rxh6 23. h5 gxh5 24. Qe3 Rg6 25. Rxh5 Nf6 26. Rh8+ Kg7 27. Rxa8
Bxa8 28. Nxe6+ fxe6 29. Qa7+ Kh6 30. Qxa8 Rg3 31. Re1 e5 32. Qc6 Kg6 33. Nc5
Qb5 34. Qd6 Rxf3 35. Qxe5 Rf1 36. Qg3+ Kf7 37. Nd3 Rxe1+ 38. Qxe1 a5 39. Qe5
Qd5 40. Qxd5+ Nxd5 41. Ne5+ Ke6 42. Nc4 1-0

[Event "Chigorin Memorial"]
[Site "St Petersburg"]
[Date "2015.10.06"]
[Round "4.127"]
[White "Yakimenko, Anastasia"]
[Black "Dushin, Nikolay"]
[Result "1/2-1/2"]
[WhiteElo "2115"]
[BlackElo "1936"]
[PlyCount "83"]
[EventDate "2015.10.03"]
[EventRounds "9"]
[EventCountry "RUS"]

1. Nf3 Nf6 2. g3 b6 3. Bg2 Bb7 4. O-O c5 5. d3 d5 6. c4 Nbd7 7. cxd5 Nxd5 8.
Nc3 g6 9. Qb3 Nxc3 10. bxc3 e6 11. Bg5 Qc8 12. a4 Bg7 13. a5 O-O 14. axb6 axb6
15. Qc2 Qc7 16. Qd2 Rxa1 17. Rxa1 Ra8 18. Rxa8+ Bxa8 19. Ne1 Bxg2 20. Nxg2 b5
21. d4 cxd4 22. cxd4 Qc4 23. e3 Bf8 24. e4 f6 25. Be3 b4 26. Ne1 b3 27. Nd3 Ba3
28. Nb2 Qb5 29. Qc3 Bxb2 30. Qxb2 Nb6 31. d5 Nc4 32. Qxf6 Nxe3 33. Qxe6+ Kf8
34. Qc8+ Ke7 35. Qc7+ Kf6 36. Qd6+ Kf7 37. Qe6+ Kf8 38. Qc8+ Kg7 39. Qc7+ Kf8
40. Qc8+ Ke7 41. Qc7+ Kf8 42. Qc8+ 1/2-1/2

[Event "Chigorin Memorial"]
[Site "St Petersburg"]
[Date "2015.10.06"]
[Round "4.128"]
[White "Rubtsov, Aleksandr"]
[Black "Savinov, Leonid"]
[Result "0-1"]
[WhiteElo "1924"]
[BlackElo "2110"]
[PlyCount "154"]
[EventDate "2015.10.03"]
[EventRounds "9"]
[EventCountry "RUS"]

1. e4 c5 2. Nf3 Nc6 3. d4 cxd4 4. Nxd4 g6 5. c4 Bg7 6. Be3 Nf6 7. Nc3 Ng4 8.
Nxc6 Nxe3 9. Nxd8 Bxc3+ 10. bxc3 Nxd1 11. Nxf7 Nxf2 12. Nxh8 Nxh1 13. c5 b5 14.
cxb6 axb6 15. Bc4 Ra4 16. Bg8 Ba6 17. O-O-O Nf2 18. Rd4 Rxd4 19. cxd4 Kf8 20.
Bxh7 Kg7 21. Bxg6 Kxh8 22. e5 Kg7 23. Be8 d6 24. exd6 exd6 25. a4 Ng4 26. h4
Ne3 27. Bc6 Nf5 28. Kd2 Nxh4 29. Ke3 Kf6 30. Kf4 Ng6+ 31. Kg4 Ne7 32. Be4 Bc8+
33. Kf4 Bd7 34. Bc2 Nd5+ 35. Kf3 Nb4 36. Bb3 Bc6+ 37. Kf2 Kf5 38. Ke3 Bxg2 39.
Kd2 Na6 40. Kc3 Nc7 41. Bc2+ Kf4 42. Kc4 Ke3 43. Kc3 Bf1 44. Bb3 Bd3 45. Bf7
Be4 46. Kc4 Bc2 47. Kb4 Kxd4 48. a5 bxa5+ 49. Kxa5 Kc5 50. Bb3 Bd3 51. Ka4 d5
52. Bxd5 Nxd5 53. Ka3 Kd4 54. Kb3 Bc4+ 55. Kb2 Kd3 56. Ka1 Kc3 57. Kb1 Bb3 58.
Ka1 Ne3 59. Kb1 Nc2 60. Kc1 Ba2 61. Kd1 Nd4 62. Ke1 Kd3 63. Kf2 Bf7 64. Kg3 Ne6
65. Kg4 Bg6 66. Kf3 Bh5+ 67. Kf2 Ke4 68. Ke1 Ke3 69. Kf1 Nf4 70. Kg1 Kf3 71.
Kf1 Nd3 72. Kg1 Kg3 73. Kh1 Bg4 74. Kg1 Bh3 75. Kh1 Nf4 76. Kg1 Ne2+ 77. Kh1
Bg2# 0-1

[Event "Chigorin Memorial"]
[Site "St Petersburg"]
[Date "2015.10.06"]
[Round "4.129"]
[White "Zolotyh, Lev"]
[Black "Protopopova, Anastasiya"]
[Result "1/2-1/2"]
[WhiteElo "1906"]
[BlackElo "2102"]
[PlyCount "92"]
[EventDate "2015.10.03"]
[EventRounds "9"]
[EventCountry "RUS"]

1. e4 e5 2. Nf3 Nc6 3. d4 exd4 4. Nxd4 Bc5 5. Nb3 Bb6 6. Nc3 Nge7 7. Qe2 d6 8.
Be3 O-O 9. O-O-O f5 10. exf5 Bxf5 11. Qd2 Kh8 12. h3 Qe8 13. g4 Bd7 14. Bg2 Qf7
15. Rhf1 Rae8 16. Bxb6 axb6 17. f4 Be6 18. f5 Bc4 19. Rfe1 d5 20. Kb1 Rd8 21.
Qf4 Rd7 22. Nd2 Ba6 23. Nf3 h6 24. Ne5 Nxe5 25. Qxe5 Rfd8 26. Ne2 Bxe2 27. Qxe2
c5 28. Qe6 Qxe6 29. Rxe6 Nc8 30. Rde1 Kg8 31. Re8+ Kf7 32. Rxd8 Rxd8 33. Re5
Ne7 34. Re6 Nc6 35. Kc1 b5 36. h4 Nd4 37. Rb6 Rd7 38. Rxb7 Rxb7 39. Bxd5+ Kf6
40. Bxb7 Ke5 41. c3 Ne2+ 42. Kd2 Ng3 43. Ke3 Nf1+ 44. Kf2 Nh2 45. Kg3 Nf1+ 46.
Kh3 Ne3 1/2-1/2

[Event "Chigorin Memorial"]
[Site "St Petersburg"]
[Date "2015.10.06"]
[Round "4.130"]
[White "Grinblat, Artemiy"]
[Black "Grishaev, Igor"]
[Result "1-0"]
[WhiteElo "2099"]
[BlackElo "1922"]
[PlyCount "65"]
[EventDate "2015.10.03"]
[EventRounds "9"]
[EventCountry "RUS"]

1. e4 c5 2. c3 Nf6 3. e5 Nd5 4. d4 cxd4 5. cxd4 e6 6. Nf3 d6 7. Bd3 dxe5 8.
Nxe5 Bb4+ 9. Bd2 Bxd2+ 10. Qxd2 Nd7 11. O-O O-O 12. Be4 N7f6 13. Bf3 Qe7 14.
Nc3 Rd8 15. Rac1 a6 16. Rfd1 Bd7 17. Nxd5 exd5 18. Rc7 Rab8 19. Qa5 Qd6 20.
Rxb7 Be6 21. Rxb8 Rxb8 22. b3 Rb5 23. Qc3 h6 24. Qc6 Qa3 25. Qa8+ Kh7 26. Be2
Rb6 27. Bd3+ g6 28. Bxg6+ Kg7 29. Bxf7 Bxf7 30. Qa7 Qf8 31. Qxb6 Bh5 32. Qb7+
Kh8 33. Rc1 1-0

[Event "Chigorin Memorial"]
[Site "St Petersburg"]
[Date "2015.10.06"]
[Round "4.131"]
[White "Rivonenko, Vladislav"]
[Black "Komarov, Alexey"]
[Result "1-0"]
[WhiteElo "2090"]
[BlackElo "1921"]
[PlyCount "109"]
[EventDate "2015.10.03"]
[EventRounds "9"]
[EventCountry "RUS"]

1. Nf3 d5 2. c4 d4 3. g3 Nc6 4. Bg2 e5 5. d3 Bc5 6. O-O Nf6 7. Qa4 O-O 8. a3
Bd7 9. Qb5 b6 10. Qa4 Qe7 11. Bg5 a5 12. Nbd2 Nd8 13. Qc2 Bc6 14. Ne4 Bxe4 15.
dxe4 h6 16. Bxf6 Qxf6 17. Ne1 Ne6 18. Nd3 a4 19. Kh1 Bd6 20. Rad1 Ra5 21. Qd2
g5 22. Nb4 Bxb4 23. axb4 Ra7 24. Ra1 Rfa8 25. Ra3 c6 26. Kg1 Rc7 27. b3 Rca7
28. Rfa1 b5 29. Qd1 Qe7 30. c5 axb3 31. Qxb3 Qb7 32. Bh3 Nc7 33. Bd7 Na6 34.
Bf5 Nb8 35. e3 Rxa3 36. Rxa3 Rxa3 37. Qxa3 Qa6 38. Qb2 Qa4 39. exd4 Qd1+ 40.
Kg2 Qxd4 41. Qa3 Qd8 42. Qa7 Kf8 43. Qb7 Kg7 44. Be6 Qe8 45. Bc8 Qd8 46. Qxb8
Qd4 47. Bf5 Qxb4 48. Qxe5+ Kg8 49. Qe8+ Kg7 50. Qxc6 Qc4 51. Qd6 b4 52. c6 b3
53. Qe5+ Kg8 54. Qb8+ Kg7 55. c7 1-0

[Event "Chigorin Memorial"]
[Site "St Petersburg"]
[Date "2015.10.06"]
[Round "4.132"]
[White "Bezstrakhov, Dmitry"]
[Black "Yakimenko, Alexander A"]
[Result "1-0"]
[WhiteElo "1903"]
[BlackElo "2090"]
[PlyCount "119"]
[EventDate "2015.10.03"]
[EventRounds "9"]
[EventCountry "RUS"]

1. e4 e5 2. Nf3 Nc6 3. Bb5 a6 4. Ba4 d6 5. d4 Bd7 6. c4 g6 7. Nc3 Bg7 8. Bg5 f6
9. Be3 Nh6 10. h3 O-O 11. O-O Nf7 12. d5 Ne7 13. Rc1 Bh6 14. Bxh6 Nxh6 15. Bxd7
Qxd7 16. b4 a5 17. a3 g5 18. c5 axb4 19. axb4 Nf7 20. Nh2 Kg7 21. Qh5 Ra3 22.
Ng4 Rb3 23. b5 Rd8 24. c6 Qc8 25. Ne3 b6 26. Qd1 Ra3 27. Nc4 Ra8 28. Ra1 f5 29.
f3 Nh6 30. Qd2 f4 31. Rxa8 Qxa8 32. Qb2 Qc8 33. Ra1 Nf7 34. Ra7 Re8 35. Na2 Ng6
36. Nb4 Kf6 37. Na6 Re7 38. Qa1 Nh4 39. Kh2 g4 40. hxg4 Ng5 41. Qf1 h5 42. Rxc7
Qh8 43. Kg1 hxg4 44. fxg4 Nxe4 45. g5+ Nxg5 46. Rxe7 Kxe7 47. c7 Nf5 48. Nd2
Ne3 49. Qc1 Qg8 50. Kf2 Ne4+ 51. Nxe4 Qxg2+ 52. Ke1 Qf1+ 53. Kd2 Nc4+ 54. Kc2
Qe2+ 55. Nd2 Kd7 56. Kc3 Nxd2 57. Qxd2 Qxb5 58. Qd3 Qa5+ 59. Kb3 e4 60. Qh3+
1-0

[Event "Chigorin Memorial"]
[Site "St Petersburg"]
[Date "2015.10.06"]
[Round "4.134"]
[White "Polozhentsev, Maksim"]
[Black "Aseev, Vladimir"]
[Result "0-1"]
[WhiteElo "1897"]
[BlackElo "2087"]
[PlyCount "102"]
[EventDate "2015.10.03"]
[EventRounds "9"]
[EventCountry "RUS"]

1. d4 d5 2. c4 c6 3. Nf3 Nf6 4. Nc3 dxc4 5. a4 Na6 6. e3 Bg4 7. Bxc4 e6 8. O-O
Be7 9. h3 Bh5 10. Be2 O-O 11. Ne5 Bxe2 12. Qxe2 Nb4 13. Bd2 Qc7 14. Na2 Nxa2
15. Rxa2 Rad8 16. b4 Qb8 17. Rc1 Ne4 18. Be1 Rd5 19. f3 Nf6 20. Bc3 Rc8 21.
Rac2 a6 22. Bd2 Bd6 23. Nc4 Bh2+ 24. Kh1 Rcd8 25. f4 Bg3 26. Qf3 Nh5 27. Nb6
Rf5 28. e4 Rxf4 29. Bxf4 Bxf4 30. Qxh5 Bxc1 31. Rxc1 Rxd4 32. b5 Rxe4 33. bxc6
bxc6 34. Qc5 Qf4 35. Qxc6 h6 36. Nd7 h5 37. Qc5 Rxa4 38. Rb1 Rc4 39. Rb8+ Qxb8
40. Qxc4 Qb1+ 41. Kh2 Qb5 42. Qc8+ Kh7 43. Qc7 Qf5 44. Nc5 e5 45. Qb6 Qf4+ 46.
Kh1 e4 47. Nxa6 e3 48. Qb1+ g6 49. Nc5 e2 50. Qg1 Qd2 51. Ne4 Qd1 0-1

[Event "Chigorin Memorial"]
[Site "St Petersburg"]
[Date "2015.10.06"]
[Round "4.135"]
[White "Rovnov, Vladislav"]
[Black "Ioffe, Ilya"]
[Result "0-1"]
[WhiteElo "1895"]
[BlackElo "2087"]
[PlyCount "108"]
[EventDate "2015.10.03"]
[EventRounds "9"]
[EventCountry "RUS"]

1. d4 d5 2. c4 c6 3. e3 Nf6 4. Nf3 Bf5 5. Nc3 e6 6. Nh4 Be4 7. Be2 Be7 8. O-O
O-O 9. Nf3 Nbd7 10. Qb3 Qc7 11. Bd2 dxc4 12. Qxc4 Bxf3 13. Bxf3 e5 14. Rac1
exd4 15. exd4 Nb6 16. Qb3 Qd7 17. Be3 Rfd8 18. Rfe1 Bf8 19. a4 Qf5 20. Rcd1 Rd7
21. Bc1 Qa5 22. Qa2 Rad8 23. Be3 h6 24. Rc1 Bb4 25. Rc2 Nxa4 26. Ra1 Nxc3 27.
bxc3 Qxa2 28. Raxa2 Bc5 29. Kf1 Bb6 30. Rcb2 Ne8 31. c4 Bxd4 32. Bxd4 Rxd4 33.
Rxb7 Rxc4 34. Raxa7 Nd6 35. Rd7 Rxd7 36. Rxd7 Nf5 37. Rd8+ Kh7 38. g3 Nd4 39.
Be4+ g6 40. h4 Ne6 41. Rc8 Rxe4 42. Rxc6 Kg7 43. Ra6 Kf6 44. Ra7 Nc5 45. Rc7
Nd3 46. Rd7 Re1+ 47. Kg2 Ne5 48. Ra7 Kf5 49. f4 Nd3 50. Rxf7+ Kg4 51. Rf6 Re2+
52. Kf1 Kf3 53. Kg1 Re1+ 54. Kh2 Nf2 0-1

[Event "Chigorin Memorial"]
[Site "St Petersburg"]
[Date "2015.10.06"]
[Round "4.136"]
[White "Soldatov, Arnold"]
[Black "Glukhov, Dmitriy"]
[Result "0-1"]
[WhiteElo "2085"]
[BlackElo "1893"]
[PlyCount "114"]
[EventDate "2015.10.03"]
[EventRounds "9"]
[EventCountry "RUS"]

1. d4 Nf6 2. Nf3 e6 3. Bg5 Be7 4. e3 d5 5. Bd3 Nbd7 6. Nbd2 c6 7. O-O Qc7 8.
Qe2 c5 9. c3 O-O 10. Rfe1 Re8 11. e4 dxe4 12. Nxe4 Nd5 13. dxc5 Nxc5 14. Bxe7
Qxe7 15. Nxc5 Qxc5 16. Bc2 Nf4 17. Qe4 Ng6 18. Rad1 Rb8 19. Ba4 Rf8 20. c4 b6
21. Qd4 Qxd4 22. Nxd4 Bb7 23. Nb5 Nh4 24. f3 Bxf3 25. gxf3 Nxf3+ 26. Kf2 Nxe1
27. Rxe1 a6 28. Nc7 Rbc8 29. Nxa6 Rxc4 30. Bb3 Rd4 31. Re2 Rfd8 32. Nc7 Rd2 33.
Rxd2 Rxd2+ 34. Kg3 Rxb2 35. Na8 b5 36. Nc7 g5 37. Nxb5 Kg7 38. Nd6 h5 39. Nc4
h4+ 40. Kg4 Rg2+ 41. Kh3 Rf2 42. Ne5 Re2 43. Nd7 Kg6 44. Bc4 Rd2 45. Bb5 Kf5
46. a4 e5 47. a5 Rd5 48. Be2 Rxa5 49. Nb6 Kf4 50. Bc4 f5 51. Nd5+ Kf3 52. Nb4
e4 53. Nc2 Kf2 54. Nd4 Ra3+ 55. Nb3 e3 56. Be2 Rxb3 57. Bd3 g4+ 0-1

[Event "Chigorin Memorial"]
[Site "St Petersburg"]
[Date "2015.10.06"]
[Round "4.137"]
[White "Zajtzeva, Viktoria"]
[Black "Chekletsov, Egor"]
[Result "1-0"]
[WhiteElo "1891"]
[BlackElo "2082"]
[PlyCount "103"]
[EventDate "2015.10.03"]
[EventRounds "9"]
[EventCountry "RUS"]

1. Nf3 Nf6 2. g3 g6 3. Bg2 Bg7 4. O-O O-O 5. d3 d5 6. Nbd2 Re8 7. e4 e5 8. Re1
d4 9. h3 c5 10. Nc4 Nc6 11. a4 b6 12. b3 Qc7 13. Nh4 Be6 14. f4 Nh5 15. f5 Bxc4
16. bxc4 Nxg3 17. Kh2 Nh5 18. Qg4 Nf6 19. Qg3 Ne7 20. Rf1 Kh8 21. Bg5 Nh5 22.
Qg4 Ng8 23. Bf3 Bf6 24. Bxf6+ Ngxf6 25. Qg5 Qe7 26. Bxh5 Nxh5 27. f6 Qd6 28.
Nf5 Qxf6 29. Qxf6+ Nxf6 30. Nd6 Re6 31. Nxf7+ Kg7 32. Ng5 Re7 33. Rf2 h6 34.
Nf3 Rf8 35. Raf1 Nh5 36. Kg2 Nf4+ 37. Kg3 g5 38. h4 Kg6 39. hxg5 hxg5 40. Kg4
Nh5 41. Nxe5+ Rxe5 42. Rxf8 Nf4 43. Rf5 Rxf5 44. exf5+ Kf6 45. Rxf4 gxf4 46.
Kxf4 Kf7 47. Ke5 Ke7 48. f6+ Kf7 49. Kf5 Kf8 50. Ke6 Ke8 51. f7+ Kf8 52. Kf6
1-0